01110nam a2200265Ia 4500001002200000003000900022008004100031040002300072041001300095100001700108240008900125245009000214250001500304260002000319300001900339490002100358501012400379520002700503700001900530700003200549942000700581957000600588999004200594952020800636265.3-THU ma eu (482)IT-MiSPE171229s9999||||xx |||||||||||||| ||und|| aIT-MiSPEcIT-MiSPE aITALIANO aMax Thurian  aL'eucharistie: Mémorial du Seigneur, Sacrifice d'action de grâce e d'intecession 0aL'EucaristiabMemoriale del Signore, Sacrificio di azione di grazia e d'intercessione a1a ed. (v) aRomabAVEc1967 a402 p. c21 cm aTeologia oggiv2 aEdizioni San Paolo srl - Piazza Soncino, 5 - 20092 CINISELLO BALSAMO (MI) (non commercial uses only) ® Copyright 2018 aEmmanuel Lanne (intr.) aEmmanuel Lanne aMario Corradig(traduzione) cBK 71 a14034bNOg Copie: 1 c345409d345409 0010406265_000000000000000_3THU_MA_EU_48271aCINISELLObCINISELLOd2017-12-30l0o265.3-THU ma eu (482)r2017-12-30 00:00:00w2017-12-30yBKz(data import: 20 dicembre 2017) - By Epidotti, Vaglietti.